000 00354nam a2200133 4500
999 _c508976
_d508976
008 190417b ||||| |||| 00| 0 eng d
100 _aSrinivas, V.
_94520
245 _aSwachh Bharat mission: India's sanitation revolution
260 _c2018
300 _ap.54-57.
773 _aKurukshetra
906 _aSanitation, Rural - India
942 _2ddc
_cAR